The Maze Quiz #1 - Sudden Death - Statistics

General Stats
  • This quiz has been taken 324 times
  • The average score is 7 of 11
Answers on the Grid
Answers color-coded by a green-red scale on the quiz's grid according to % correct below.
START
END
 
Answer Stats
Answer % Correct
98%
98%
72%
64%
62%
61%
61%
57%
38%
38%
37%
No matching quizzes found
Score Distribution
Percent of People with Each Score
Percentile by Number Answered
Your Score History
You have not taken this quiz